Pink Floyd Charting Songs (Billboard Hot 100) - Statistics

General Stats
  • This quiz has been taken 173 times
  • The average score is 3 of 5
Answer Stats
Album Weeks On Peak Song % Correct
The Wall 25 Weeks #1 (4 Weeks) Another Brick in the Wall (Part II)
98%
Dark Side of the Moon 15 Weeks #13 Money
92%
A Momentary Lapse of Reason 8 Weeks #70 Learning to Fly
55%
The Wall 6 Weeks #53 Run Like Hell
29%
The Division Bell 7 Weeks #73 Take It Back
17%
No matching quizzes found
Score Distribution
Percent of People with Each Score
Percentile by Number Answered
Your Score History
You have not taken this quiz